Najbardziej rozwinięte państwa Europy - Statystyki

Ogólne statystyki
  • Ten quiz został rozwiązany 330 razy
  • Średni wynik to 4 z 5
Statystyki odpowiedzi
Poziom Rozwinięcia kraj % Poprawnych
8.4 Niemcy
100%
8.5 Francja
98%
8.8 Wielka brytania
94%
8.2 Włochy
91%
8.1(2) Dania
62%
Nie znaleziono quizów pasujących do podanych kryteriów
Rozkład punktacji
Procent ludzi z każdym wynikiem
Percentyl według liczby udzielonych odpowiedzi
Twoja historia wyników
Nie rozwiązałeś tego quizu